[Event "Stuttgart-chA int"]
[Site "Ditzingen"]
[Date "2018.05.11"]
[Round "4"]
[White "Schmitz, Nico"]
[Black "Meissner, Mogens"]
[Result "0-1"]
[WhiteElo "1969"]
[BlackElo "1797"]
[PlyCount "76"]
[EventDate "2018.05.10"]
[EventType "swiss"]
[EventRounds "7"]
[EventCountry "GER"]
[SourceTitle "EXT 2020"]
[Source "ChessBase"]
[SourceDate "2019.10.17"]
[SourceVersion "1"]
[SourceVersionDate "2019.10.17"]
[SourceQuality "1"]

1. e4 e5 2. Nf3 Nc6 3. d4 exd4 4. Bc4 h6 5. 0-0 Bc5 6. a3 a5 7. c3 dxc3 8. Nxc3 Nge7 9. Bf4 0-0 10. Qd2 Kh7 11. Bd3 Ng6 12. e5 d6 13. Rad1 Bg4 14. Ne4 Nd4 15. Nxd4 Bxd4 16. exd6 cxd6 17. Bxd6 Re8 18. Rde1 f5 19. Bb5 Rxe4 20. Rxe4 Bxf2+ 21. Rxf2 fxe4 22. Qd4 e3 23. Rf7 Qg8 24. Bc4 e2 25. Kf2 Re8 26. Ke1 Be6 27. Bxe6 Rxe6 28. Rd7 b5 29. h4 h5 30. Qd5 Nxh4 31. Qxh5+ Rh6 32. Qg4 Ng6 33. Qxe2 Qd5 34. Rd8 Rh1+ 35. Kf2 Qd4+ 36. Qe3 Rf1+ 37. Kxf1 Qxe3 38. Bc7 Qc1+ 0-1

[Event "Bargteheide op"]
[Site "Bargteheide"]
[Date "2014.05.29"]
[Round "1"]
[White "Schmitz, Nico"]
[Black "Feuerstack, Aljoscha"]
[Result "0-1"]
[WhiteElo "1991"]
[BlackElo "2443"]
[PlyCount "56"]
[EventDate "2014.05.29"]
[EventType "swiss"]
[EventRounds "7"]
[EventCountry "GER"]
[SourceTitle "CBM 160 Extra"]
[Source "ChessBase"]
[SourceDate "2014.07.01"]
[SourceVersion "1"]
[SourceVersionDate "2014.07.01"]
[SourceQuality "1"]

1. e4 c5 2. Nc3 a6 3. a4 e6 4. f4 d5 5. e5 Nc6 6. Nf3 Nh6 7. d3 Nf5 8. g3 Be7 9. Bh3 0-0 10. 0-0 f6 11. Bxf5 exf5 12. Re1 d4 13. Nb1 b6 14. Nbd2 fxe5 15. fxe5 Bb7 16. Nc4 b5 17. axb5 axb5 18. Rxa8 Bxa8 19. Nd6 Nxe5 20. Nxe5 Qxd6 21. Nf3 Bd8 22. Qe2 Qc6 23. Kf2 Ba5 24. Qe6+ Kh8 25. Qxc6 Bxe1+ 26. Kxe1 Bxc6 27. Nd2 Bd5 28. Kf2 Ra8 0-1

[Event "SVR-ch MAT-A"]
[Site "Hoehr-Grenzhausen"]
[Date "2004.??.??"]
[Round "?"]
[White "Kohlei, Rolf"]
[Black "Schmitz, Nico"]
[Result "0-1"]
[WhiteElo "2095"]
[BlackElo "1935"]
[PlyCount "42"]
[EventDate "2004.??.??"]
[EventType "tourn"]
[EventRounds "9"]
[EventCountry "GER"]
[SourceTitle "EXT 2009"]
[Source "ChessBase"]
[SourceDate "2008.11.26"]
[SourceVersion "1"]
[SourceVersionDate "2008.11.26"]
[SourceQuality "1"]

1. Nf3 d5 2. d4 Bf5 3. e3 e6 4. Be2 c5 5. b3 Nc6 6. 0-0 Qc7 7. a3 Nf6 8. Bb2 cxd4 9. exd4 Bd6 10. Nbd2 Ne4 11. g3 h5 12. Kg2 h4 13. Nxh4 Rxh4 14. gxh4 Nxd2 15. Qxd2 Bf4 16. Qd1 Qe7 17. Bg4 Be4+ 18. f3 Qxh4 19. fxe4 Qxh2+ 20. Kf3 Qg3+ 21. Ke2 Qe3# 0-1

[Event "SVR-ch MAT-A"]
[Site "Hoehr-Grenzhausen"]
[Date "2004.??.??"]
[Round "?"]
[White "Schmitz, Nico"]
[Black "Kottemer, Juergen"]
[Result "1-0"]
[WhiteElo "1935"]
[BlackElo "2070"]
[PlyCount "81"]
[EventDate "2004.??.??"]
[EventType "tourn"]
[EventRounds "9"]
[EventCountry "GER"]
[SourceTitle "EXT 2009"]
[Source "ChessBase"]
[SourceDate "2008.11.26"]
[SourceVersion "1"]
[SourceVersionDate "2008.11.26"]
[SourceQuality "1"]

1. e4 e6 2. Qe2 c5 3. g3 Nc6 4. Nf3 g6 5. Nc3 Bg7 6. d3 Nge7 7. Bg2 0-0 8. 0-0 d6 9. Re1 Rb8 10. Bf4 e5 11. Be3 b5 12. Nh4 b4 13. Na4 Nd4 14. Bxd4 cxd4 15. b3 Be6 16. a3 a5 17. axb4 axb4 18. Nf3 Qc7 19. Nb2 Bh6 20. Nc4 Bxc4 21. dxc4 Ra8 22. Red1 Ra7 23. Qe1 Nc6 24. Rxa7 Qxa7 25. Ra1 Qb7 26. Ra4 Ra8 27. Qa1 Rxa4 28. Qxa4 Kf8 29. Ne1 Nb8 30. Nd3 Na6 31. Qa5 Bd2 32. Qd8+ Kg7 33. Qxd6 f6 34. Bh3 Nb8 35. Nc5 Qa7 36. Ne6+ Kh6 37. Qf8+ Kh5 38. g4+ Kh4 39. Qxf6+ Kxh3 40. Qf3+ Kh4 41. Qg3# 1-0